Gagnants de Koh-Lanta (Saisons 1 à 31) - Statistiques

Statistiques générales
  • Ce quiz a été pris 279 fois
    155 depuis la dernière actualisation
  • Le résultat moyen est 26 sur 34
Statistiques - réponses
Saisons Gagnants % Correct
Pacifique Clémence
99%
AS5 Le combat des héros Clémence
99%
Les 4 terres Alexandra
94%
AS7 La légende Claude
92%
L'île au trésor Benoît
91%
AS4 La nouvelle édition Laurent
90%
Cambodge Frédéric
88%
Le feu sacré Frédéric
88%
AS6 L'île des héros Naoil
88%
Malaisie Ugo
88%
Palawan Jade
83%
La guerre des chefs Maud
83%
Panama Philippe
82%
Viêtnam Philippe
82%
Fidji André
80%
Thaïlande Wendy
80%
Johor Marc
78%
Les armes secrète Maxine
77%
Le totem maudit François
76%
AS2 Le choc des héros Grégoire
76%
Le totem maudit Bastien
74%
Les chasseurs d'Immunité Léa
74%
Nicoya Amel
73%
Caramoan Christelle
72%
Raja Ampat Gérard
72%
La tribu maudite Thibault
72%
AS3 La revanche des héros Bertrand
71%
Palau Christina
68%
LADKL Gilles
62%
AS1 Le retour des héros Romuald
61%
Vanuatu François David
60%
Palawan Kevin
60%
Bocas del toro Isabelle
58%
Bocas del toro Delphine
54%
Aucun quiz correspondant
Distribution des résultats
% des personnes avec chaque résultat
Percentile par nombre de réponses
Votre historique - résultats
Vous n’avez pas pris ce quiz depuis la dernière actualisation